000 00383nam a2200145Ia 4500
008 230917s9999||||xx |||||||||||||| ||und||
040 _e80788
_aMAIN
041 _aEnglish
082 _a342.7 H27S
100 _aHasan, Shariful
245 0 _aSupreme court: fundamental rights and directive principles
260 _aNew Delhi
_bDeep & Deep
_c1981
300 _a120 p.
942 _cBK
999 _c222761
_d222761